Generic environmental impact statement for license renewal of nuclear plants : main report, final report.

Bibliographic Details
Format: Government Document eBook
Language:English
Published: Washington, DC : United States Nuclear Regulatory Commission, Office of Nuclear Reactor Regulation, 2013.
Subjects:
Online Access:https://purl.fdlp.gov/GPO/gpo41452

MARC

Tag First Indicator Second Indicator Subfields
LEADER 00000cam a2200000 i 4500
001 in00003422021
005 20211120171609.0
006 m o d f
007 cr mn||||a||||
008 131114s2013 dcuab ob f000 0 eng c
035 |a (OCoLC)ocn862974831 
040 |a GPO  |b eng  |e rda  |e pn  |c GPO  |d MvI  |d UtOrBLW 
042 |a pcc 
043 |a n-us--- 
049 |a WWW 
074 |a 1051-H-02 (online) 
086 0 |a Y 3.N 88:10/1437/V.1/REV.1 
088 |a NUREG-1437 
245 0 0 |a Generic environmental impact statement for license renewal of nuclear plants :  |b main report, final report. 
264 1 |a Washington, DC :  |b United States Nuclear Regulatory Commission, Office of Nuclear Reactor Regulation,  |c 2013. 
300 |a 1 online resource (677 unnumbered pages) :  |b color illustrations, maps 
336 |a text  |b txt  |2 rdacontent 
337 |a computer  |b c  |2 rdamedia 
338 |a online resource  |b cr  |2 rdacarrier 
500 |a "June 2013." 
500 |a "NUREG-1437, Volume 1, Revision 1." 
500 |a Title from title screen (viewed on Nov. 14, 2013). 
504 |a Includes bibliographical references. 
650 0 |a Nuclear power plants  |x Environmental aspects  |z United States. 
650 0 |a Light water reactors  |x Environmental aspects  |z United States. 
650 0 |a Nuclear power plants  |x Licenses  |z United States. 
710 2 |a U.S. Nuclear Regulatory Commission.  |b Office of Nuclear Reactor Regulation,  |e issuing body. 
776 0 8 |i Paper version:  |t Generic environmental impact statement for license renewal of nuclear plants  |w (OCoLC)862974843 
856 4 0 |u https://purl.fdlp.gov/GPO/gpo41452  |t 0 
999 |a MARS 
999 f f |s 03f3cbcd-274a-3317-892c-6c28fb2fe994  |i e7969c4d-5e53-3880-bffa-d05a3697c567  |t 0 
952 f f |a Texas A&M University  |b College Station  |c Electronic Resources  |d Available Online  |t 0  |e Y 3.N 88:10/1437/V.1/REV.1  |h Superintendent of Documents classification 
998 f f |a Y 3.N 88:10/1437/V.1/REV.1  |t 0  |l Available Online